[Event "95th DEN-ch"]
[Site "Svendborg DEN"]
[Date "2016.03.24"]
[Round "6"]
[White "Glud, Jakob Vang"]
[Black "Ochsner, Bjoern Moeller"]
[Result "1-0"]
[WhiteElo "2535"]
[BlackElo "2398"]
[EventDate "2016.03.19"]
[PlyCount "77"]

1.c4 e5 2.g3 Nc6 3.Bg2 Bc5 4.Nc3 a6 5.Nf3 d6 6.O-O Nge7 7.e3 Ba7 8.b3 O-O 
9.h3 Bf5 10.d4 Kh8 11.Bb2 f6 12.a3 Qc8 13.Kh2 Nd8 14.c5 exd4 15.cxd6 dxc3 
16.dxe7 Re8 17.Bxc3 Rxe7 18.Nh4 Be6 19.Qc2 Nc6 20.b4 Qg8 21.Rab1 Rd8 22.b5
axb5 23.Rxb5 Bd5 24.Rd1 Red7 25.Bxd5 Rxd5 26.Rdxd5 Rxd5 27.Rxb7 Bb6 28.Qe4
Rc5 29.Bd4 Rc4 30.Nf5 Qc8 31.Rxb6 cxb6 32.Nd6 Rxd4 33.exd4 Qa8 34.Nf7+ Kg8
35.Qd5 Kf8 36.Nd6 Ke7 37.Nf5+ Kf8 38.Qd6+ Kf7 39.Qd7+ 1-0

[Event "95th DEN-ch"]
[Site "Svendborg DEN"]
[Date "2016.03.24"]
[Round "6"]
[White "Hansen, Sune Berg"]
[Black "Hansen, Curt"]
[Result "1/2-1/2"]
[WhiteElo "2578"]
[BlackElo "2600"]
[EventDate "2016.03.19"]
[PlyCount "21"]

1.d4 Nf6 2.c4 e6 3.Nc3 Bb4 4.Qc2 d6 5.Nf3 Nbd7 6.Bd2 e5 7.e3 O-O 8.a3 Bxc3
9.Bxc3 exd4 10.Bxd4 b6 11.b4 1/2-1/2

[Event "95th DEN-ch"]
[Site "Svendborg DEN"]
[Date "2016.03.24"]
[Round "6"]
[White "Mikkelsen, Nikolaj"]
[Black "Schandorff, Lars"]
[Result "0-1"]
[WhiteElo "2473"]
[BlackElo "2501"]
[EventDate "2016.03.19"]
[PlyCount "104"]

1.e4 e5 2.Nf3 Nc6 3.Bb5 a6 4.Ba4 Nf6 5.O-O Be7 6.d3 b5 7.Bb3 d6 8.a4 Bd7 
9.c3 Na5 10.Bc2 c5 11.Nbd2 O-O 12.Re1 Qb6 13.Nf1 Rfe8 14.h3 b4 15.cxb4 
Qxb4 16.Bd2 Qb6 17.Rb1 Rab8 18.b4 cxb4 19.Bxb4 Qc7 20.Qd2 Nc6 21.Bc3 Rxb1 
22.Bxb1 Rc8 23.Ba2 Nd8 24.Bc4 Bxa4 25.Ng5 Be8 26.Ne3 h6 27.Nf3 Bb5 28.Qa2 
Qd7 29.Kh2 Ne6 30.g3 Bf8 31.Qe2 g6 32.Rb1 Bg7 33.Ba1 Kh7 34.Ne1 Rb8 35.Nf3
Rb7 36.Qa2 Nc5 37.Ne1 h5 38.Qe2 Ne6 39.Nf3 Bh6 40.Nd5 Nxd5 41.Bxd5 Rc7 42.
Qd1 Qc8 43.Ng1 Rc2 44.Qf3 Ng5 45.Qg2 Rc1 46.Rxb5 axb5 47.Bb2 Rc2 48.Ba3 
Qc3 49.h4 Qxa3 50.hxg5 Bxg5 51.Qf3 Qa7 52.Nh3 Kg7 0-1

[Event "95th DEN-ch"]
[Site "Svendborg DEN"]
[Date "2016.03.25"]
[Round "7"]
[White "Bekker-Jensen, Simon"]
[Black "Glud, Jakob Vang"]
[Result "1/2-1/2"]
[WhiteElo "2451"]
[BlackElo "2535"]
[EventDate "2016.03.19"]
[PlyCount "136"]

1.d4 d5 2.c4 e6 3.Nc3 Nf6 4.Nf3 Be7 5.Bf4 O-O 6.e3 c5 7.dxc5 Bxc5 8.Qc2 
Nc6 9.a3 Qa5 10.Rd1 Be7 11.Be2 Ne4 12.cxd5 Nxc3 13.Qxc3 Qxc3+ 14.bxc3 exd5
15.Rxd5 Bxa3 16.O-O Be6 17.Rb5 b6 18.Nd4 Bd7 19.Rb3 Bc5 20.Bf3 Rac8 21.
Rbb1 Na5 22.Nb5 Bxb5 23.Rxb5 Be7 24.Be5 Nc4 25.Bd4 Nd2 26.Ra1 Nxf3+ 27.
gxf3 Rc7 28.Kf1 f6 29.Ke2 Kf7 30.Kd3 Rd8 31.f4 g6 32.f5 g5 33.f3 h5 34.h3 
h4 35.Rb2 Bd6 36.Rba2 Rdd7 37.Ra4 Be7 38.R4a2 Bc5 39.Ra4 Ke7 40.R4a2 Bd6 
41.Ra4 Kf7 42.R4a2 Be5 43.Ra4 Ke7 44.Ke4 Bd6 45.Kd3 Ke8 46.Ke4 Kf7 47.R1a2
Bg3 48.Ra1 Rb7 49.R4a2 Bb8 50.Ra6 Rd6 51.R6a4 Re7+ 52.Kd3 Rd5 53.e4 Rd8 
54.Rc4 Red7 55.Rb1 Be5 56.Rb5 Ke7 57.Ke3 Bf4+ 58.Ke2 Rc7 59.Ra4 Rd6 60.Rb1
Kd7 61.Rba1 a5 62.Rb1 Rcc6 63.Rb5 Kc7 64.Ra1 Kc8 65.Rab1 Kc7 66.Ke1 Bg3+ 
67.Ke2 Bf4 68.Ke1 Bg3+ 1/2-1/2

[Event "95th DEN-ch"]
[Site "Svendborg DEN"]
[Date "2016.03.25"]
[Round "7"]
[White "Bromann, Thorbjoern"]
[Black "Mikkelsen, Nikolaj"]
[Result "0-1"]
[WhiteElo "2452"]
[BlackElo "2473"]
[EventDate "2016.03.19"]
[PlyCount "66"]

1.b3 d6 2.Bb2 Nd7 3.d4 g6 4.Nc3 Bg7 5.Qd2 Ngf6 6.O-O-O c5 7.e3 a6 8.f3 b5 
9.g4 cxd4 10.exd4 Bb7 11.g5 b4 12.Nce2 Nd5 13.Nf4 Nxf4 14.Qxf4 Qa5 15.Re1 
e5 16.Qd2 O-O 17.a3 exd4 18.axb4 Qa2 19.Re7 Rac8 20.Bd3 Rc7 21.Ne2 Rfc8 
22.Nxd4 Ne5 23.Rxc7 Rxc7 24.Re1 Re7 25.Be2 Nc6 26.Qf4 Nxd4 27.Bxd4 Be4 28.
fxe4 Bxd4 29.Qf3 Rxe4 30.Qxe4 Bc3 31.Qa8+ Kg7 32.Qxa6 Qb2+ 33.Kd1 Qb1# 0-1

[Event "95th DEN-ch"]
[Site "Svendborg DEN"]
[Date "2016.03.25"]
[Round "7"]
[White "Hansen, Curt"]
[Black "Antonsen, Mikkel"]
[Result "1/2-1/2"]
[WhiteElo "2600"]
[BlackElo "2458"]
[EventDate "2016.03.19"]
[PlyCount "47"]

1.c4 e6 2.Nf3 d5 3.g3 Nf6 4.Bg2 Be7 5.d4 O-O 6.O-O dxc4 7.Ne5 Nc6 8.Nxc6 
bxc6 9.Na3 Bxa3 10.bxa3 Ba6 11.Bxc6 Rb8 12.Bf3 Bb7 13.Bxb7 Rxb7 14.Bg5 Qd5
15.Bxf6 gxf6 16.e3 c5 17.Rc1 cxd4 18.Qg4+ Kh8 19.Rfd1 d3 20.Rxc4 e5 21.Qf5
Qxc4 22.Qxf6+ Kg8 23.Qg5+ Kh8 24.Qf6+ 1/2-1/2

[Event "95th DEN-ch"]
[Site "Svendborg DEN"]
[Date "2016.03.25"]
[Round "7"]
[White "Ochsner, Bjoern Moeller"]
[Black "Hansen, Sune Berg"]
[Result "1/2-1/2"]
[WhiteElo "2398"]
[BlackElo "2578"]
[EventDate "2016.03.19"]
[PlyCount "96"]

1.e4 e5 2.Nf3 Nc6 3.Bb5 a6 4.Ba4 d6 5.d4 b5 6.Bb3 Nxd4 7.Nxd4 exd4 8.c3 
Bb7 9.cxd4 Nf6 10.O-O Be7 11.e5 dxe5 12.dxe5 Qxd1 13.Rxd1 Ne4 14.Nc3 Nxc3 
15.bxc3 Rd8 16.Bf4 Rxd1+ 17.Rxd1 Bc8 18.c4 Be6 19.cxb5 axb5 20.Be3 g5 21.
Kf1 Rg8 22.Bxe6 fxe6 23.g4 Rg7 24.Ke2 Bf8 25.Kf3 h6 26.Ke4 c5 27.Rb1 Rb7 
28.h4 gxh4 29.f4 c4 30.Rh1 b4 31.Rxh4 b3 32.axb3 cxb3 33.Rh1 b2 34.Rb1 
Rb4+ 35.Kd3 Rb3+ 36.Ke4 Ba3 37.f5 Rb4+ 38.Kf3 h5 39.gxh5 exf5 40.e6 Rh4 
41.h6 Rh3+ 42.Kg2 Rh5 43.Bd4 Rxh6 44.Bxb2 Bd6 45.Bc3 Rh2+ 46.Kg1 Ke7 47.
Bb4 Re2 48.Re1 Rxe1+ 1/2-1/2

[Event "95th DEN-ch"]
[Site "Svendborg DEN"]
[Date "2016.03.25"]
[Round "7"]
[White "Schandorff, Lars"]
[Black "Andersen, Mads"]
[Result "1/2-1/2"]
[WhiteElo "2501"]
[BlackElo "2479"]
[EventDate "2016.03.19"]
[PlyCount "49"]

1.Nf3 Nf6 2.g3 g6 3.b3 Bg7 4.Bb2 d6 5.d4 c5 6.Bg2 cxd4 7.Nxd4 d5 8.c4 dxc4
9.bxc4 O-O 10.O-O Qb6 11.Bc3 Rd8 12.Qb3 Ne4 13.Bxe4 Bxd4 14.Bxd4 Rxd4 15.
Nc3 Nc6 16.e3 Rd2 17.Rfd1 Rxd1+ 18.Rxd1 Be6 19.Nd5 Qxb3 20.axb3 Rc8 21.Nf4
Rd8 22.Rxd8+ Nxd8 23.Kf1 Kf8 24.Ke2 Bd7 25.Kd2 1/2-1/2

[Event "95th DEN-ch"]
[Site "Svendborg DEN"]
[Date "2016.03.26"]
[Round "8"]
[White "Andersen, Mads"]
[Black "Bromann, Thorbjoern"]
[Result "1-0"]
[WhiteElo "2479"]
[BlackElo "2452"]
[EventDate "2016.03.19"]
[PlyCount "67"]

1.Nf3 Nf6 2.c4 b6 3.g3 Bb7 4.Bg2 c5 5.O-O g6 6.Nc3 Bg7 7.d4 cxd4 8.Qxd4 d6
9.Rd1 Nbd7 10.Be3 Rc8 11.Rac1 a6 12.b3 O-O 13.Qh4 Rc7 14.Bh3 Qb8 15.g4 e6 
16.g5 Ne8 17.Nd4 Nc5 18.b4 Nd7 19.Nxe6 fxe6 20.Bxe6+ Kh8 21.f4 Qd8 22.Qh3 
Qe7 23.Nd5 Bxd5 24.cxd5 Rf5 25.Bxf5 gxf5 26.Kf2 Qe4 27.Rc6 a5 28.Rdc1 Ra7 
29.Rc8 Nf8 30.Qf3 Re7 31.Qxe4 Rxe4 32.b5 Nd7 33.R1c7 Nc5 34.Bxc5 1-0

[Event "95th DEN-ch"]
[Site "Svendborg DEN"]
[Date "2016.03.26"]
[Round "8"]
[White "Antonsen, Mikkel"]
[Black "Ochsner, Bjoern Moeller"]
[Result "1/2-1/2"]
[WhiteElo "2458"]
[BlackElo "2398"]
[EventDate "2016.03.19"]
[PlyCount "89"]

1.d4 Nf6 2.c4 g6 3.f3 Bg7 4.e4 d6 5.Ne2 O-O 6.Be3 c5 7.Qd2 Nc6 8.d5 Ne5 9.
Nec3 e6 10.Be2 exd5 11.cxd5 Ne8 12.O-O f5 13.a4 Nf6 14.exf5 Bxf5 15.Na3 
Qe7 16.Rae1 Qf7 17.h3 Qc7 18.g4 Bd7 19.g5 Ne8 20.f4 Nf7 21.Bg4 Qc8 22.Qg2 
Nc7 23.Bd2 Bxg4 24.hxg4 Qd7 25.Nab5 Nxb5 26.Nxb5 Rfe8 27.Nc3 Rxe1 28.Rxe1 
Re8 29.Re2 h6 30.gxh6 Rxe2 31.h7+ Kxh7 32.Qxe2 Nh6 33.Qe6 Qxe6 34.dxe6 
Nxg4 35.Nb5 Bd4+ 36.Kg2 Kg7 37.Kf3 Nh6 38.Ke4 Kf6 39.Kd5 Nf5 40.b3 a6 41.
Nxd6 Ne7+ 42.Ke4 b6 43.Nc4 b5 44.axb5 axb5 45.Nd6 1/2-1/2

[Event "95th DEN-ch"]
[Site "Svendborg DEN"]
[Date "2016.03.26"]
[Round "8"]
[White "Bekker-Jensen, Simon"]
[Black "Schandorff, Lars"]
[Result "1/2-1/2"]
[WhiteElo "2451"]
[BlackElo "2501"]
[EventDate "2016.03.19"]
[PlyCount "29"]

1.c4 c6 2.Nf3 d5 3.g3 Nf6 4.Bg2 dxc4 5.O-O Nbd7 6.Na3 Nb6 7.Ne5 g6 8.Naxc4
Nxc4 9.Nxc4 Bg7 10.Rb1 Be6 11.Qc2 Nd5 12.b4 O-O 13.a3 Nc3 14.dxc3 Bxc4 15.
Be3 1/2-1/2

[Event "95th DEN-ch"]
[Site "Svendborg DEN"]
[Date "2016.03.26"]
[Round "8"]
[White "Glud, Jakob Vang"]
[Black "Hansen, Sune Berg"]
[Result "0-1"]
[WhiteElo "2535"]
[BlackElo "2578"]
[EventDate "2016.03.19"]
[PlyCount "78"]

1.d4 Nf6 2.c4 g6 3.Nf3 Bg7 4.g3 O-O 5.Bg2 d6 6.O-O Nbd7 7.Nc3 e5 8.e3 Re8 
9.b3 a6 10.a4 exd4 11.exd4 Nb8 12.h3 a5 13.Bg5 h6 14.Be3 Na6 15.Qd2 Kh7 
16.g4 Nb4 17.Rae1 c6 18.Bf4 d5 19.Be5 Be6 20.c5 b6 21.cxb6 Qxb6 22.g5 Ng8 
23.gxh6 Bxh6 24.Ng5+ Bxg5 25.Qxg5 Qd8 26.Qd2 Bf5 27.Re3 f6 28.Bg3 Qd7 29.
Kh2 Kg7 30.Rfe1 Be6 31.Bf4 Kf7 32.Qe2 Re7 33.Na2 Nxa2 34.Qxa2 Bf5 35.Qd2 
Rxe3 36.Rxe3 Ne7 37.b4 g5 38.Bg3 Rh8 39.Rf3 Bxh3 0-1

[Event "95th DEN-ch"]
[Site "Svendborg DEN"]
[Date "2016.03.26"]
[Round "8"]
[White "Mikkelsen, Nikolaj"]
[Black "Hansen, Curt"]
[Result "0-1"]
[WhiteElo "2473"]
[BlackElo "2600"]
[EventDate "2016.03.19"]
[PlyCount "90"]

1.e4 c5 2.Nf3 e6 3.d4 cxd4 4.Nxd4 Nf6 5.Nc3 d6 6.Be2 Nc6 7.Be3 Be7 8.O-O 
O-O 9.f4 e5 10.Nb3 exf4 11.Bxf4 Be6 12.Kh1 d5 13.exd5 Nxd5 14.Nxd5 Qxd5 
15.Bf3 Qc4 16.Be2 Qa4 17.Qe1 Rfe8 18.Qg3 Bc4 19.Bxc4 Qxc4 20.c3 Rad8 21.
Nd2 Qd5 22.a3 Bf8 23.Rae1 b5 24.Nf3 a5 25.Rxe8 Rxe8 26.Re1 Re4 27.Nd2 
Rxe1+ 28.Qxe1 Qf5 29.Qe4 Qxe4 30.Nxe4 f5 31.Nd2 a4 32.Kg1 Kf7 33.Kf2 Ke6 
34.Ke3 Kd5 35.Kd3 Na5 36.Nf3 Nc4 37.Bc1 Bc5 38.Nh4 Ne5+ 39.Kc2 Ke4 40.g3 
h6 41.Bf4 g5 42.Bxe5 gxh4 43.Bc7 h3 44.Kd2 Kf3 45.Ke1 Bg1 0-1

[Event "95th DEN-ch"]
[Site "Svendborg DEN"]
[Date "2016.03.27"]
[Round "9"]
[White "Bromann, Thorbjoern"]
[Black "Bekker-Jensen, Simon"]
[Result "1/2-1/2"]
[WhiteElo "2452"]
[BlackElo "2451"]
[EventDate "2016.03.19"]
[PlyCount "82"]

1.b3 Nf6 2.Bb2 g6 3.g3 Bg7 4.Bg2 d6 5.c4 e5 6.e3 O-O 7.Ne2 Re8 8.Nbc3 c6 
9.d4 e4 10.O-O Bf5 11.h3 h5 12.b4 Nbd7 13.Qb3 Nb6 14.Na4 Nxa4 15.Qxa4 Qd7 
16.Kh2 b5 17.Qc2 Be6 18.d5 cxd5 19.cxb5 Qxb5 20.Bc3 Nd7 21.Bxg7 Kxg7 22.
Qb2+ Ne5 23.Nd4 Qa4 24.f4 exf3 25.Nxf3 Kg8 26.Nd4 Rac8 27.Rf6 Nd7 28.Rf4 
Ne5 29.Rf6 Qd7 30.Raf1 Qe7 31.Qb3 Rc4 32.b5 Rec8 33.a4 Nd7 34.R6f3 Nc5 35.
Qd1 Nxa4 36.Rf6 Kg7 37.Qf3 R4c7 38.Qf4 Nc5 39.Qg5 Kg8 40.Bxd5 Bxd5 41.Qxd5
Qe4 1/2-1/2

[Event "95th DEN-ch"]
[Site "Svendborg DEN"]
[Date "2016.03.27"]
[Round "9"]
[White "Hansen, Sune Berg"]
[Black "Antonsen, Mikkel"]
[Result "1-0"]
[WhiteElo "2578"]
[BlackElo "2458"]
[EventDate "2016.03.19"]
[PlyCount "61"]

1.e4 e5 2.Nf3 Nc6 3.g3 g6 4.Bg2 Bg7 5.O-O Nge7 6.c3 O-O 7.b4 d6 8.d3 a5 9.
b5 Nb8 10.a4 Nd7 11.Nbd2 b6 12.Ba3 Bb7 13.d4 Re8 14.Qb3 d5 15.Nxe5 Nxe5 
16.dxe5 Bxe5 17.Rad1 Bd6 18.Bb2 Be5 19.Rfe1 Bg7 20.Nf3 Qd6 21.Ba3 Qf6 22.
e5 Qf5 23.Nd4 Qd7 24.e6 fxe6 25.Nxe6 Nf5 26.Nxg7 Kxg7 27.c4 Rxe1+ 28.Rxe1 
Re8 29.Rd1 c6 30.bxc6 Bxc6 31.Bxd5 1-0

[Event "95th DEN-ch"]
[Site "Svendborg DEN"]
[Date "2016.03.27"]
[Round "9"]
[White "Ochsner, Bjoern Moeller"]
[Black "Mikkelsen, Nikolaj"]
[Result "0-1"]
[WhiteElo "2398"]
[BlackElo "2473"]
[EventDate "2016.03.19"]
[PlyCount "78"]

1.Nf3 Nf6 2.c4 g6 3.Nc3 Bg7 4.e4 d6 5.d4 O-O 6.Be2 e5 7.O-O Nbd7 8.Re1 Qe7
9.Bf1 c6 10.Rb1 h6 11.a3 Re8 12.d5 c5 13.b4 Rf8 14.Na4 b6 15.bxc5 bxc5 16.
Nc3 Ne8 17.Qa4 a6 18.Re2 f5 19.Ne1 fxe4 20.Nxe4 Nef6 21.Qc6 Nxe4 22.Rxe4 
Rb8 23.Bd3 Rxb1 24.Bxb1 Nb8 25.Qb6 Bf5 26.Re3 Nd7 27.Qb2 e4 28.Qe2 Bd4 29.
Rb3 Qh4 30.Be3 Be5 31.g3 Qh3 32.Bc2 Nf6 33.Qf1 Qh5 34.Ng2 g5 35.f3 Bh3 36.
Bd2 Bd4+ 37.Kh1 Ng4 38.Qe2 Bxg2+ 39.Qxg2 exf3 0-1

[Event "95th DEN-ch"]
[Site "Svendborg DEN"]
[Date "2016.03.27"]
[Round "9"]
[White "Schandorff, Lars"]
[Black "Glud, Jakob Vang"]
[Result "1/2-1/2"]
[WhiteElo "2501"]
[BlackElo "2535"]
[EventDate "2016.03.19"]
[PlyCount "34"]

1.Nf3 d5 2.d4 Nf6 3.c4 e6 4.Nc3 Be7 5.Bf4 O-O 6.e3 Nbd7 7.c5 Nh5 8.Bd3 
Nxf4 9.exf4 c6 10.O-O Qc7 11.g3 b6 12.b4 a5 13.a3 Bb7 14.Qc2 g6 15.Rab1 
Ba6 16.Bxa6 Rxa6 17.Rfc1 axb4 1/2-1/2